Statistics for Roman to Greek God

Click here to take the quiz!

General Stats

  • This quiz has been taken 43,451 times
  • The average score is 11 of 18

Answer Stats

RomanGreek% Correct
JupiterZeus
97%
NeptunePoseidon
85%
VenusAphrodite
83%
PlutoHades
82%
MarsAres
77%
JunoHera
76%
MinervaAthena
75%
MercuryHermes
72%
DianaArtemis
60%
BacchusDionysus
57%
CupidEros
57%
VulcanHephaestus
53%
FaunusPan
46%
TerraGaia
41%
SaturnCronus
37%
VestaHestia
34%
SolHelios
32%
JuventasHebe
13%

Score Distribution

Percentile by Number Answered

Percent of People with Each Score

Your Score History

You have not taken this quiz